| 000 | 00847cab a2200229 4500 | ||
|---|---|---|---|
| 001 | WB3429-49 | ||
| 008 | 090401t1998 xxu||||| |||| 00| 0 eng d | ||
| 035 | _a(Sirsi) u87776 | ||
| 041 | _aeng | ||
| 245 | _aTelecoms development control | ||
| 260 | _c1998 | ||
| 350 | _a0 | ||
| 490 |
_aDETR News Release _v(634) 29 July 1998, (3) |
||
| 520 | _aA consultation paper, "Telecommunications Development Control" proposes giving local authorities an increased time period to consider the siting of telecommunications masts so that people have a greater opportunity to express views. Responses by 25 September 1998. | ||
| 650 | _aCONSULTATION PAPER | ||
| 650 | _aPERMITTED DEVELOPMENT RIGHTS | ||
| 650 | _aPUBLIC OPINION | ||
| 650 | _aTELECOMMUNICATIONS MASTS | ||
| 690 | _aTRANSPORT AND COMMUNICATIONS | ||
| 942 | _n0 | ||
| 948 | _c31/07/1998 | ||
| 999 |
_c55383 _d55383 |
||